Memphis Rappers - Statistics

General Stats
  • This quiz has been taken 93 times
    90 since last reset
  • The average score is 8 of 25
Answer Stats
Hint Answer % Correct
Shotta Flow NLE Choppa
79%
Major Young Dolph
74%
Wockesha Moneybagg Yo
57%
Ambition For Cash Key Glock
56%
Rake It Up Yo Gotti
54%
Back In Blood Pooh Shiesty
53%
Shell Shocked Juicy J
46%
Chickenhead Project Pat
44%
Look Alive BlocBoy JB
42%
SoIcyBoyz Big Scarr
38%
Allegations BIG30
33%
CRUNK AIN'T DEAD Duke Deuce
32%
Booty Blac Youngsta
26%
Yayo Snootie Wild
18%
In Dolph We Trust Big Moochie Grape
17%
Leave Some Day Kevo Muney
15%
LLD (Long Live Dolph) Jay Fizzle
14%
Shorty Wanna Ride Young Buck
13%
No Love In My Heart Lil Migo
11%
Hit The Scene White $osa
11%
Need You Fresco Trey
8%
Role Model Kenny Muney
8%
Ricky Paper Route Woo
7%
Pop Out Snupe Bandz
7%
Psycho Jucee Froot
3%
No matching quizzes found
Score Distribution
Percent of People with Each Score
Percentile by Number Answered
Your Score History
You have not taken this quiz since the last reset